| 000 | 00679nam a22001817a 4500 | ||
|---|---|---|---|
| 003 | AUA.1 | ||
| 005 | 20251107094514.0 | ||
| 008 | 250709b |||||||| |||| 00| 0 eng d | ||
| 040 | _cJTL | ||
| 100 | _aHamuntili, Bright | ||
| 245 |
_aImplications of the Ncwala ceremony rituals on Adventist faith practice in Kapata Mission District, Zambia: A missiological response / _cBright Hamuntili. |
||
| 260 | _cc2025. | ||
| 300 |
_aix, 113 leaves : _bIllustrations : _c30cm. |
||
| 610 |
_aSeventh-day Adventist Church : _bKapata Mission District _zZambia |
||
| 650 | _aIncwala | ||
| 650 |
_aSeventh-day Adventists _xMissions |
||
| 942 |
_2aua _cPROJECT _hMA Miss _i.H36 2025 |
||
| 999 |
_c25164 _d25164 |
||